Bienvenido a nuestro catálago, Biblioteca Universidad Monteávila

La inflación : (Registro nro. 3162)

Detalles MARC
000 -CABECERA
campo de control de longitud fija 01788nam a2200253 4500
005 - FECHA Y HORA DE LA ÚLTIMA TRANSACCIÓN
campo de control 20230418150312.0
007 - CAMPO FIJO DE DESCRIPCIÓN FÍSICA--INFORMACIÓN GENERAL
campo de control de longitud fija ta
008 - DATOS DE LONGITUD FIJA--INFORMACIÓN GENERAL
campo de control de longitud fija 221125s1997 ve |||||r|||| 00| 0 spa d
020 ## - ISBN
Número Internacional Estándar del Libro 9806073266
040 ## - FUENTE DE LA CATALOGACIÓN
Centro catalogador/agencia de origen vecauma
Centro/agencia transcriptor vecauma
Centro/agencia modificador vecauma
099 ## - Cota
Número de clasificación HG915
Cutter F3
100 1# - AUTOR PERSONAL
9 (RLIN) 4461
Nombre de persona Faría, Hugo J.
245 13 - MENCIÓN DE TÍTULO
Título La inflación :
Resto del título qué es y cómo eliminarla /
Mención de responsabilidad, etc. Hugo J. Faría, Carlos Sabino
260 ## - PUBLICACIÓN, DISTRIBUCIÓN, ETC.
Lugar de publicación, distribución, etc. Caracas :
Nombre del editor, distribuidor, etc. CEDICE :
-- Panapo,
Fecha de publicación, distribución, etc. 1997.
300 ## - DESCRIPCIÓN FÍSICA
Extensión 62 p.
490 0# - MENCIÓN DE SERIE
Mención de serie Venezuela Hoy
Designación de volumen o secuencia 9
504 ## - NOTA DE BIBLIOGRAFÍA, ETC.
Nota de bibliografía, etc. Incluye referencias bibliográficas.
520 ## - SUMARIO, ETC.
Sumario, etc. En Venezuela durante los últimos gobiernos, se han llevado a cabo la política monetarias poco responsables que nos han sumido en un largo periodo inflacionario, de consecuencias sociales y política sumamente graves. Se ha jugado alegremente con las magnitudes económicas, se ha impuesto controles a la economía siempre con un criterio de corto plazo, que ha dejado para "más adelante" un acción definitiva contra la inflación. Para comprender mejor este fenómeno, alertado sobre los efectos que produce y para mostrar que sí existe una verdadera cura contra la inflación, CEDICE ha encargado a dos prestigiosos colaboradores de la institución la redacción de esta obra destinada a explicar y difundir entre los lectores qué es y cómo eliminar la inflación. Tanto Hugo Faría, economista, como Carlos Sabino, sociólogo, nos muestran en estas páginas, con claridad y sencillez, por qué Venezuela padece desde hace tanto tiempo está mal económico y qué podemos hacer hoy para eliminarlo definitivamente.
650 #0 - PUNTO DE ACCESO ADICIONAL DE MATERIA--TÉRMINO DE MATERIA
Término de materia INFLACION
Subdivisión geográfica VENEZUELA
9 (RLIN) 4190
651 #0 - PUNTO DE ACCESO ADICIONAL DE MATERIA--NOMBRE GEOGRÁFICO
Nombre geográfico VENEZUELA
Subdivisión general CONDICIONES ECONOMICAS
Subdivisión cronológica 1958-
9 (RLIN) 4109
700 1# - ENTRADA AGREGADA--NOMBRE PERSONAL
9 (RLIN) 3903
Nombre de persona Sabino, Carlos A.
942 ## - ELEMENTOS DE ENTRADA AGREGADA (KOHA)
Fuente del sistema de clasificación o colocación Library of Congress Classification
Ocultar en OPAC No
Tipo de ítem Koha Libros
Existencias
Estado de retiro Estado de pérdida Fuente del sistema de clasificación o colocación Estado dañado No para préstamo Código de colección Localización permanente Ubicación/localización actual Ubicación en estantería Fecha de adquisición Número de inventario Total de préstamos Cota Código de barras Fecha visto por última vez Precio válido a partir de Tipo de ítem Koha Número de copia
    Library of Congress Classification     Colección general Biblioteca Universidad Monteávila Biblioteca Universidad Monteávila Colección general 26/11/2022 5983   HG915 F3 2022-21098 26/11/2022 26/11/2022 Libros  
    Library of Congress Classification     Colección general Biblioteca Universidad Monteávila Biblioteca Universidad Monteávila Colección general 26/11/2022 6389   HG915 F3 2022-21111 26/11/2022 26/11/2022 Libros ej. 2

Copyright @ UMA Library
Universidad Monteávila Caracas, Venezuela

Edif. Sede principal Universidad Monteávila. Av. El Buen Pastor. Boleíta Norte. Caracas. 
Customized by Universidad Monteávila

Con tecnología Koha